00349nam a22001337a 4500003000700000005001700007008004100024082001600065100002600081245004000107260002100147300000800168650003900176MPLRDC20220104142824.0210129b ||||| |||| 00| 0 eng d a224.88 SGS  a孙果森居士整理 a佛教徒丧葬仪式c陈和顺译 ab立成印务c b平 a佛教仪式--佛教法会, 佛事